000 00332nam a22001337a 4500
008 171020b xxu||||| |||| 00| 0 eng d
020 _a9783540568162
041 _aeng
080 _a338
100 _a54
101 _aMIS
245 _aSTRATEGIEN, KONZEPTE UN TECHNIKEN FUR DAS INFORMATIONS-MANAGEMENT
_cBUES, M
942 _2udc
_cBK
999 _c35145
_d35145